| 000 | 00584nam a22001697a 4500 | ||
|---|---|---|---|
| 082 |
_a891.439 _bDEH |
||
| 100 | _aDehlvi,Mir Amn | ||
| 245 |
_aBagho-o-Bahar/ _cMir Amn Dehlvi |
||
| 260 |
_aLahore: _bSeventh Sky Publications, _c2019. |
||
| 300 |
_a848p. : _c25cm. |
||
| 504 | _aHB | ||
| 650 |
_aLiterary Criticism of Zarb-e-Kaleem _9129635 |
||
| 880 |
_6100-01\(3\r _aمیرامن دہلوی |
||
| 880 |
_6245-02\(3\r _aباغ و بہار/ _bمیر امن دہلوی |
||
| 880 |
_6260-03\(3\r _aلاہور: _bسیونتھ اسکائی پبلکیشنز _c2019. |
||
| 942 |
_2ddc _cBK |
||
| 999 |
_c614235 _d614235 |
||